000
00224 a2200097 4500
001
46097
100
_a
IISS
245
_a
The Military balance 1974-75
260
_a
London
_b
International Institute
_c
090
_c
29201
_d
29201
942
_a
NUST-CAE
_c
M
_c
21338
999
_c
281170
_d
281170